<?xml version="1.0" encoding="UTF-8"?>
<record
    xmlns:xsi="http://www.w3.org/2001/XMLSchema-instance"
    xsi:schemaLocation="http://www.loc.gov/MARC21/slim http://www.loc.gov/standards/marcxml/schema/MARC21slim.xsd"
    xmlns="http://www.loc.gov/MARC21/slim">

  <leader>00385nam a22001217a 4500</leader>
  <datafield tag="040" ind1=" " ind2=" ">
    <subfield code="c">HS</subfield>
  </datafield>
  <datafield tag="082" ind1=" " ind2=" ">
    <subfield code="a">362</subfield>
  </datafield>
  <datafield tag="100" ind1=" " ind2=" ">
    <subfield code="a">&#x179C;&#x1784;&#x17D2;&#x179F; &#x17A2;&#x17C2;&#x1798;&#x179F;&#x17C6;&#x17A2;&#x17B6;&#x1793;</subfield>
  </datafield>
  <datafield tag="245" ind1=" " ind2=" ">
    <subfield code="a">&#x179A;&#x1794;&#x17C0;&#x1794;&#x1794;&#x1784;&#x17D2;&#x1780;&#x17BE;&#x178F;&#x179F;&#x17C6;&#x1793;&#x17BD;&#x179A;&#x1780;&#x17D2;&#x1793;&#x17BB;&#x1784;&#x1780;&#x17B6;&#x179A;&#x17A2;&#x1784;&#x17D2;&#x1780;&#x17C1;&#x178F;&#x1794;&#x1789;&#x17D2;&#x17A0;&#x17B6;&#x179F;&#x1784;&#x17D2;&#x1782;&#x1798;</subfield>
  </datafield>
  <datafield tag="260" ind1=" " ind2=" ">
    <subfield code="a">RUA</subfield>
    <subfield code="b">&#x179C;&#x1784;&#x17D2;&#x179F; &#x17A2;&#x17C2;&#x1798;&#x179F;&#x17C6;&#x17A2;&#x17B6;&#x1793;</subfield>
    <subfield code="c">1999</subfield>
  </datafield>
  <datafield tag="300" ind1=" " ind2=" ">
    <subfield code="a">79p;</subfield>
  </datafield>
  <datafield tag="942" ind1=" " ind2=" ">
    <subfield code="c">KB</subfield>
  </datafield>
  <datafield tag="999" ind1=" " ind2=" ">
    <subfield code="c">9329</subfield>
    <subfield code="d">9329</subfield>
  </datafield>
  <datafield tag="952" ind1=" " ind2=" ">
    <subfield code="0">0</subfield>
    <subfield code="1">0</subfield>
    <subfield code="4">0</subfield>
    <subfield code="6">362_000000000000000_&#x179C;&#x1784;&#x179F;_1999_C198</subfield>
    <subfield code="7">0</subfield>
    <subfield code="9">51143</subfield>
    <subfield code="a">LBC</subfield>
    <subfield code="b">LBC</subfield>
    <subfield code="c">C198</subfield>
    <subfield code="d">2016-08-31</subfield>
    <subfield code="o">362 &#x179C;&#x1784;&#x17D2;&#x179F; 1999 C198</subfield>
    <subfield code="p">RUA043173</subfield>
    <subfield code="r">2016-08-31</subfield>
    <subfield code="y">KB</subfield>
  </datafield>
  <datafield tag="952" ind1=" " ind2=" ">
    <subfield code="0">0</subfield>
    <subfield code="1">0</subfield>
    <subfield code="4">0</subfield>
    <subfield code="6">362_000000000000000_&#x179C;&#x1784;&#x179F;_1999_C191</subfield>
    <subfield code="7">0</subfield>
    <subfield code="9">51187</subfield>
    <subfield code="a">LBC</subfield>
    <subfield code="b">LBC</subfield>
    <subfield code="c">C191</subfield>
    <subfield code="d">2016-08-31</subfield>
    <subfield code="o">362 &#x179C;&#x1784;&#x17D2;&#x179F; 1999 C191</subfield>
    <subfield code="p">RUA043423</subfield>
    <subfield code="r">2016-08-31</subfield>
    <subfield code="y">KB</subfield>
  </datafield>
</record>
